000 00470nam a2200193Ia 4500
001 1771
003 GE_BSU
008 181216s||||||||xx |||||||||||||| ||und||
040 _cGE_BSU
080 _a58
100 _aლორთქიფანიძე, ა.დ.
245 _aბოტანიკა
260 _aთბილისი
260 _c1961
300 _a686 გვ.24 სმ.
541 _h25ლ.
653 _aბოტანიკა
942 _cBK
999 _c35880
_d35880